Michael Jackson's Off The Wall songs album - Statistics

General Stats
  • This quiz has been taken 196 times
  • The average score is 8 of 10
Answer Stats
Number Song % Correct
2 Rock With You
95%
5 Off The Wall
93%
6 Girlfriend
88%
1 Don't Stop 'Til You Get Enough
86%
7 She's Out Of My Life
83%
10 Burn This Disco Out
79%
3 Working Day and Night
79%
8 I Can't Help It
73%
4 Get On The Floor
70%
9 It's The Falling In Love
67%
No matching quizzes found
Score Distribution
Percent of People with Each Score
Percentile by Number Answered
Your Score History
You have not taken this quiz